000 00304nam a2200121Ia 4500
008 240624s9999 xx 000 0 und d
041 _aeng
082 _a808 PRI
100 _aPRINGLE MICHAEL
245 _aAPA STYLE OF DOCUMENTATION A POCKET GUID
260 _c2009
_aBoston
_bPrentice Hall
365 _cRS
999 _c21790
_d21790